All Tottenham Players Under Pochettino - Statistics

General Stats
  • This quiz has been taken 19 times
  • The average score is 27 of 67
Answer Stats
Country Games Position Answer % Correct
Denmark 255 CM Christian Eriksen
100%
England 242 ST Harry Kane
100%
South Korea 203 LW Heung-Min Son
100%
France 229 GK Hugo Lloris
100%
England 194 AM Dele Alli
94%
Belguim 212 CB Jan Vertonghen
94%
Wales 176 CB Ben Davies
88%
England 216 CB Eric Dier
88%
Argentina 183 RW Erik Lamela
88%
England 114 RB Kieran Trippier
88%
England 115 DM Harry Winks
82%
England 95 RB Kyle Walker
82%
England 23 RB Kyle Walker-Peters
82%
Belguim 166 CM Mousa Dembele
82%
Belguim 172 CB Toby Alderweireld
82%
England 150 LB Danny Rose
76%
Togo 17 ST Emmanuel Adebayor
76%
Brazil 73 RW Lucas Moura
76%
France 141 CM Moussa Sissoko
76%
Ivory Coast 50 RB Serge Aurier
76%
Kenya 96 DM Victor Wanyama
76%
Colombia 90 CB Davinson Sanchez
65%
Netherlands 47 GK Michel Vorm
65%
Spain 66 ST Fernando Llorente
59%
Argentina 29 RB Juan Foyth
47%
Belguim 85 LW Nacer Chadli
47%
England 16 DM Oliver Skipp
47%
Argentina 8 AM Giovani Lo Celso
41%
Argentina 21 GK Paulo Gazzaniga
41%
Spain 40 ST Roberto Soldado
41%
France 14 CM Tanguy Ndombele
41%
Austria 31 CB Kevin Wimmer
35%
Algeria 46 DM Nabil Bentaleb
35%
Netherlands 42 ST Vincent Janssen
35%
United States 4 CB Cameron Carter-Vickers
29%
England 66 CM Ryan Mason
24%
Brazil 1 CM Sandro
24%
England 17 RW Aaron Lennon
18%
Cameroon 27 LW Georges-Kevin N'Koudou
18%
Brazil 30 CM Paulinho
18%
England 2 LB Ryan Sessegnon
18%
Ireland 1 ST Troy Parrott
18%
England 42 RW Andros Townsend
12%
Cameroon 14 RW Clinton N'Jie
12%
Argentina 32 CB Federico Fazio
12%
England 1 CB Japhet Tanganga
12%
Germany 3 CM Lewis Holtby
12%
Romania 19 DM Vlad Chiriches
12%
United States 1 RB DeAndre Yedlin
6%
England 2 CF Kaziah Sterling
6%
England 33 CM Tom Carroll
6%
France 15 CB Younes Kaboul
6%
England 1 AM Alex Pritchard
0%
Cyprus 1 LM Anthony Georgiou
0%
England 1 CB Anton Walkes
0%
France 25 DM Benjamin Stambouli
0%
France 18 DM Etienne Capoue
0%
Slovakia 1 DM Filip Lesniak
0%
England 1 DM George Marsh
0%
England 32 CM Josh Onomah
0%
England 11 RB Kyle Naughton
0%
England 1 CM Luke Amos
0%
England 1 RW Marcus Edwards
0%
Serbia 1 CB Milos Veljkovic
0%
England 1 ST Shayon Harrison
0%
England 1 CM Tashan Oakley-Boothe
0%
England 1 CB Timothy Eyoma
0%
No matching quizzes found
Score Distribution
Percent of People with Each Score
Percentile by Number Answered
Your Score History
You have not taken this quiz